Miasta z największą liczbą ludności w Japonii - Statystyki

Ogólne statystyki
  • Ten quiz został rozwiązany 123 razy
  • Średni wynik to 3 z 5
Statystyki odpowiedzi
Miejsce Miasto Ludność % Poprawnych
1 Tokio 8 336 599
100%
3 Osaka 2 592 413
86%
5 Sapporo 1 883 027
64%
4 Nagoya 2 191 279
32%
2 Yokohama 3 574 443
32%
Nie znaleziono quizów pasujących do podanych kryteriów
Rozkład punktacji
Procent ludzi z każdym wynikiem
Percentyl według liczby udzielonych odpowiedzi
Twoja historia wyników
Nie rozwiązałeś tego quizu